000 00801nam a2200253Ia 4500
008
020 _a0750627689 (pbk.)
090 _aQC665.E4
_bLAN
100 1 _aLandau, L.D.
245 1 4 _aThe Classical theory of fields /
_cL.D. Landau and E.M. Lifshitz ; translated from the Russian by Morton Hamermesh.
250 _a4th ed
260 _aAmsterdam. :
_bButterworth Heinemann ,
_c2004.
300 _axiii, 428 p. :
_bill. ;
_c25 cm.
490 1 _aCourse of theoretical physics ;
_vno2.
500 _aIncludes index
650 0 _aElectromagnetic fields.
650 0 _aField theory (Physics).
907 _a.b1017655x
_b23-04-12
_c22-09-05
003
005 20230123134116.0
040 _cNUST
049 _aMAIN
942 _cBOOKS
_kQC665.E4
_mLAN
999 _c160173
_d160173